| 000 | 00000nam##2200000za#4500 |
| 001 | 9.569698 |
| 003 | CaOODSP |
| 005 | 20210624181907 |
| 007 | cr ||||||||||| |
| 008 | 150406|2007||||xxc|||||o f|0| 0 eng|d |
| 040 | |aCaOODSP|beng |
| 043 | |an-cn--- |
| 086 | 1 |aNH18-1/351-2007E-PDF |
| 110 | 2 |aCanada Mortgage and Housing Corporation. |
| 245 | 10|aWhistle Bend planning study |h[electronic resource] |
| 246 | 3 |aWhistle Bend planning and design charrette - Whitehorse, Yukon = Charrette de conception et de planification de Whistle Bend Whitehorse (Yukon) |
| 260 | |aOttawa - Ontario : |bCanada Mortgage and Housing Corporation |cMay 2007 (main report), November 2007 (Research highlight). |
| 300 | |a61p.|bfigs. (some coloured), maps (some coloured), photographs |
| 490 | 1 |aResearch report |
| 500 | |aIncludes: Research highlight (Technical series 07-115)under the title "Whistle Bend planning and design charrette - Whitehorse, Yukon". Y compris : Le point en recherche (Série technique 07-115) sous le titre « Charrette de conception et de planification de Whistle Bend Whitehorse (Yukon) ». |
| 546 | |a(Comprend du texte en français.) |
| 590 | |a11-26-Supp|b2011-11-03 |
| 830 | #0|aResearch report (Canada Mortgage and Housing Corporation : Online)|w(CaOODSP)9.506068 |
| 856 | 40|ahttp://publications.gc.ca|qPDF|s6.69 MB|uhttps://publications.gc.ca/collections/collection_2011/schl-cmhc/nh18-1/NH18-1-351-2007-eng.pdf |